| 000 | 00963cam a2200229 4500 | ||
|---|---|---|---|
| 001 | WB3821-23 | ||
| 008 | 020612n2002 000 0 eng u | ||
| 035 | _a(Sirsi) u118387 | ||
| 245 | _aDTLR progress report | ||
| 260 | _c2002 | ||
| 490 |
_aDTLR Press Release _v(233) 10 June 2002, (2) |
||
| 520 | _aDTLR has published its annual report setting out its achievements between 31 March 2001 and 31 March 2002. DTLR responsibilities have been split between the newly formed Department for Transport and the Office of the Deputy Prime Minister after restructuring on 29 May 2002. The report is published by the Stationery Office. http://www.press.dtlr.gov.uk/pns/DisplayPN.cgi?pn_id=2002_0233 | ||
| 590 | _aWB | ||
| 650 | _aDTLR | ||
| 650 | _aTRANSPORT | ||
| 650 | _aLOCAL GOVERNMENT | ||
| 650 | _aREGIONS | ||
| 650 | _aDEPARTMENT FOR TRANSPORT | ||
| 650 | _aOFFICE OF THE DEPUTY PRIME MINISTER | ||
| 690 | _aTRANSPORT AND COMMUNICATIONS | ||
| 942 | _n0 | ||
| 999 |
_c70468 _d70468 |
||